Loading...
| Mythology | 0 | 9 | 0 | 2 | 90 | 34 | 77.00 | 1 | 8 | 32.95 | 60.23 |
| History - Other | 0 | 5 | 0 | 1 | 50 | 77 | 110.40 | 0 | 3 | 6.33 | 27.27 |
| Philosophy | 0 | 6 | 3 | 0 | 45 | 67 | 90.83 | 1 | 4 | 13.87 | 32.95 |
| History - American | 0 | 4 | 0 | 0 | 40 | 63 | 77.00 | 0 | 0 | 13.34 | 15.91 |
| History - European | 0 | 4 | 0 | 2 | 40 | 66 | 100.50 | 1 | 2 | 8.02 | 19.32 |
| Social Science | 0 | 4 | 0 | 1 | 40 | 37 | 77.25 | 1 | 2 | 10.72 | 21.59 |
| Religion | 0 | 3 | 1 | 0 | 25 | 40 | 61.00 | 3 | 3 | 13.96 | 25.00 |
| History - World | 0 | 2 | 0 | 0 | 20 | 70 | 75.00 | 1 | 2 | 7.14 | 14.77 |
| Fine Arts - Other | 0 | 1 | 0 | 1 | 10 | 134 | 134.00 | 0 | 0 | 0.00 | 1.14 |
| Fine Arts - Painting and Sculpture | 0 | 1 | 0 | 0 | 10 | 29 | 29.00 | 1 | 1 | 7.11 | 9.09 |
| Science - Other | 0 | 1 | 0 | 1 | 10 | 119 | 119.00 | 0 | 0 | 0.00 | 2.27 |
| Literature - World | 0 | 0 | 0 | 0 | 0 | 0.00 | 0 | 0 | 0.00 | 0.00 | |
| Literature - European | 0 | 0 | 2 | 0 | -10 | 0.00 | 0 | 0 | 0.00 | 0.00 |